000 00411nam a2200133Ia 4500
008 220217s9999 xx 000 0 und d
245 0 _aSpecification for rubber valve-tubing for cycle tube valves
260 _aNew Delhi
260 _c1969
_bISI
490 _aCycles Tyres Tubes&Rub Accessories Subcom, CDC 6:8
500 _aStandard number: IS 5079
650 _aRubber tyre and tubes for cycle
942 _cST
999 _c73817
_d73817